Guess the Canadian City from the Bodies of Water - Statistics

General Stats
  • This quiz has been taken 849 times
  • The average score is 17 of 26
Answer Stats
Province Bodies of Water Answer % Correct
British Columbia English Bay, False Creek, Fraser River Vancouver
89%
British Columbia Juan de Fuca Strait, ________ Harbour (Upper, Inner, Middle, Outer) Victoria
88%
Alberta Bow River, Elbow River, Fish Creek Calgary
87%
Quebec St. Lawrence River, Rivière des Prairies Montreal
87%
Alberta North Saskatchewan River, Whitemud Creek, Mill Creek Edmonton
86%
Ontario Lake Ontario, Humber River, Don River Toronto
85%
Quebec St. Lawrence River, Rivière Saint-Charles Quebec City
84%
Manitoba Red River, Assiniboine River Winnipeg
83%
Nova Scotia _______ Harbour (Bedford Basin, Northwest Arm) Halifax
82%
Saskatchewan Wascana Lake, Wascana Creek Regina
80%
Saskatchewan South Saskatchewan River Saskatoon
80%
Newfoundland and Labrador Atlantic Ocean, __.____'_ Harbour St. John's
79%
Ontario ______ River, Rideau River Ottawa
78%
Ontario Detroit River Windsor
69%
New Brunswick Bay of Fundy, St. John River Saint John
67%
Ontario Lake Superior, Kaministiquia River Thunder Bay
64%
Ontario Lake Ontario, ________ Harbour (Burlington Bay) Hamilton
62%
New Brunswick St. John River, Nashwaak River Fredericton
51%
New Brunswick Petitcodiac River Moncton
45%
British Columbia Lake Okanagan, Mission Creek Kelowna
42%
Ontario Lake Ontario, St. Lawrence River, Cataraqui River Kingston
41%
Ontario Lake Ontario, Credit River Mississauga
41%
British Columbia North Thompson River, South Thompson River Kamloops
40%
British Columbia Departure Bay, Northumberland Channel Nanaimo
34%
Quebec Rivière des Prairies, Rivière des Mille Îles Laval
30%
British Columbia Fraser River, Nechako River Prince George
28%
No matching quizzes found
Score Distribution
Percent of People with Each Score
Percentile by Number Answered
Your Score History
You have not taken this quiz